| 000 | 00000nam##2200000za#4500 |
| 001 | 9.680940 |
| 003 | CaOODSP |
| 005 | 20240209132637 |
| 007 | ta |
| 008 | 150407|1999||||xxc||||| f|0| 0 fre|d |
| 020 | |a0-662-84141-7 |
| 040 | |aCaOODSP|bfre |
| 043 | |an-cn--- |
| 086 | 1 |aC89-4/59-2-1999F |
| 110 | 2 |aAgence de promotion économique du Canada atlantique. |
| 245 | 10|aPlanifiez votre succès : |bguide de préparation d'un plan marketing |
| 260 | |bAgence de promotion économique du Canada atlantique |c1999. |
| 300 | |a12p. : |bgraphique, tableaux ; |c28 cm. |
| 563 | |aCouverture souple |
| 590 | |a00-08|b2000-02-25 |
| 691 | 07|aAnalyse de marché|2gcpds |
| 775 | 08|tPlanning for success : |w(CaOODSP)9.647523 |
| 776 | 0#|tPlanifiez votre succès : |w(CaOODSP)9.638201 |
| 776 | 0#|tPlanning for success : |w(CaOODSP)9.694018 |